Loading...

വി സാംബശിവന്റെ തെരഞ്ഞെടുത്ത കഥാപ്രസംഗങ്ങള്‍ /

Bibliographic Details
Main Author: സാംബശിവന്‍, വി
Other Authors: Sambasivan, V.
Format: Printed Book
Language:English
Published: തിരുവനന്തപുരം : മെലിന്‍ഡ ബുക്സ്, 2014.
Edition:1st ed.
Subjects:
LEADER 00908nam a22002057a 4500
008 140603b xxu||||| |||| 00| 0 eng d
999 |c 6938  |d 6938 
020 |a 9789383885145 
082 |a 792.029   |b SAM 
100 |a സാംബശിവന്‍, വി. 
240 |a V. Sambasivante theranjedutha kathaprasangangal  
245 |a വി സാംബശിവന്റെ തെരഞ്ഞെടുത്ത കഥാപ്രസംഗങ്ങള്‍ /  |c വി. സാംബശിവന്‍ 
250 |a 1st ed. 
260 |a തിരുവനന്തപുരം :  |b മെലിന്‍ഡ ബുക്സ്,  |c 2014. 
300 |a 322p. 
650 |a Story Telling 
650 |a Arts 
700 |a Sambasivan, V. 
942 |2 ddc  |c BK 
952 |0 0  |1 0  |2 ddc  |4 0  |6 792_029000000000000_SAM  |7 0  |9 9870  |a MAIN  |b MAIN  |d 2014-06-03  |e Melinda Books  |g 270.00  |l 1  |o 792.029 SAM  |p 10019  |r 2017-05-05  |s 2015-10-19  |t 1  |w 2014-06-03  |y BK